Red de Clubes Juveniles : (Record no. 44595)
[ view plain ]
| 000 -CABECERA | |
|---|---|
| campo de control de longitud fija | 00531nam a2200157 a 4500 |
| 001 - NÚMERO DE CONTROL | |
| campo de control | 000045106 |
| 005 - FECHA Y HORA DE LA ÚLTIMA TRANSACCIÓN | |
| campo de control | 20201002045901.0 |
| 008 - DATOS DE LONGITUD FIJA--INFORMACIÓN GENERAL | |
| campo de control de longitud fija | 150203s19uu dr 000 0 spa d |
| 040 ## - FUENTE DE LA CATALOGACIÓN | |
| Centro catalogador/agencia de origen | DO-SdBNP |
| Lengua de catalogación | spa |
| Centro/agencia transcriptor | BNPHU |
| 100 1# - ENTRADA PRINCIPAL--NOMBRE DE PERSONA | |
| Nombre de persona | Candelario Veras, Carlos |
| 9 (RLIN) | 22663 |
| 245 10 - MENCIÓN DE TÍTULO | |
| Título | Red de Clubes Juveniles : |
| Resto del título | unidos por el desarrollo de la juventud / |
| Mención de responsabilidad, etc. | Carlos Candelario Veras. |
| 260 ## - PUBLICACIÓN, DISTRIBUCIÓN, ETC. | |
| Lugar de publicación, distribución, etc. | Santo Domingo : |
| Nombre del editor, distribuidor, etc. | Yan Impresos, |
| Fecha de publicación, distribución, etc. | [19uu]. |
| 300 ## - DESCRIPCIÓN FÍSICA | |
| Extensión | 60 p. ; |
| Dimensiones | 21 cm. |
| 500 ## - NOTA GENERAL | |
| Nota general | Un proyecto modelo |
| 500 ## - NOTA GENERAL | |
| Nota general | Incluye datos biografícos del autor |
| Estado de retiro | Estado de pérdida | No para préstamo | Código de colección | Localización permanente | Ubicación/localización actual | Ubicación en estantería | Fecha de adquisición | Número de inventario | Total de préstamos | Signatura topográfica completa | Código de barras | Fecha visto por última vez | Precio válido a partir de | Tipo de ítem Koha |
|---|---|---|---|---|---|---|---|---|---|---|---|---|---|---|
| Excluido de préstamo | Patrimonio Dominicano | Patrimonio Dominicano | Patrimonio Dominicano | En catalogación | 03.02.2015 | LF1 | 45106-10 | 25.06.2020 | 25.06.2020 | Libro y Folleto Colección Patrimonio Dominicano |
